<?xml version="1.0" encoding="UTF-8"?>
<record
    xmlns:xsi="http://www.w3.org/2001/XMLSchema-instance"
    xsi:schemaLocation="http://www.loc.gov/MARC21/slim http://www.loc.gov/standards/marcxml/schema/MARC21slim.xsd"
    xmlns="http://www.loc.gov/MARC21/slim">

  <leader>00587nam a22001337a 4500</leader>
  <datafield tag="040" ind1=" " ind2=" ">
    <subfield code="c">RUA</subfield>
  </datafield>
  <datafield tag="082" ind1=" " ind2=" ">
    <subfield code="a">AVM SAY 2013 B111 Or.1</subfield>
  </datafield>
  <datafield tag="100" ind1=" " ind2=" ">
    <subfield code="a">SAY, HEIN.</subfield>
  </datafield>
  <datafield tag="245" ind1=" " ind2=" ">
    <subfield code="a">Village animal health worker services in samrong district takeo province, &#x179F;&#x17C1;&#x179C;&#x17B6;&#x1780;&#x1798;&#x17D2;&#x1798;&#x1797;&#x17D2;&#x1793;&#x17B6;&#x1780;&#x17CB;&#x1784;&#x17B6;&#x179A;&#x179F;&#x17BB;&#x1781;&#x1797;&#x17B6;&#x1796;&#x179F;&#x178F;&#x17D2;&#x179C;&#x1797;&#x17BB;&#x1798;&#x17B7;&#x200B;&#x1793;&#x17C5;&#x179F;&#x17D2;&#x179A;&#x17BB;&#x1780;&#x179F;&#x17C6;&#x179A;&#x17C4;&#x1784; &#x1781;&#x17C1;&#x178F;&#x17D2;&#x178F;&#x178F;&#x17B6;&#x1780;&#x17C2;&#x179C;</subfield>
  </datafield>
  <datafield tag="260" ind1=" " ind2=" ">
    <subfield code="a">Phnom Penh</subfield>
    <subfield code="b">RUA</subfield>
    <subfield code="c">2013</subfield>
  </datafield>
  <datafield tag="300" ind1=" " ind2=" ">
    <subfield code="a">x; 44p.</subfield>
    <subfield code="b">ill.</subfield>
    <subfield code="c">29cm.</subfield>
  </datafield>
  <datafield tag="856" ind1=" " ind2=" ">
    <subfield code="u">https://drive.google.com/file/d/1grS81g4mJ6STKjEP2lz5LRpUl5LvGkiK/view?usp=sharing</subfield>
  </datafield>
  <datafield tag="942" ind1=" " ind2=" ">
    <subfield code="c">AVM</subfield>
  </datafield>
  <datafield tag="999" ind1=" " ind2=" ">
    <subfield code="c">2781</subfield>
    <subfield code="d">2781</subfield>
  </datafield>
  <datafield tag="952" ind1=" " ind2=" ">
    <subfield code="0">0</subfield>
    <subfield code="1">0</subfield>
    <subfield code="2">ddc</subfield>
    <subfield code="4">0</subfield>
    <subfield code="6">AVM_SAY_2013_000000000000000_B111_OR_1</subfield>
    <subfield code="7">0</subfield>
    <subfield code="9">13325</subfield>
    <subfield code="a">LBB</subfield>
    <subfield code="b">LBB</subfield>
    <subfield code="c">B111</subfield>
    <subfield code="d">2015-10-27</subfield>
    <subfield code="o">AVM SAY 2013 B111 Or.1</subfield>
    <subfield code="p">RUA009745</subfield>
    <subfield code="r">2015-10-27</subfield>
    <subfield code="w">2015-10-27</subfield>
    <subfield code="y">AVM</subfield>
  </datafield>
  <datafield tag="952" ind1=" " ind2=" ">
    <subfield code="0">0</subfield>
    <subfield code="1">0</subfield>
    <subfield code="2">ddc</subfield>
    <subfield code="4">0</subfield>
    <subfield code="6">AVM_SAY_2013_000000000000000_B111_OR_2</subfield>
    <subfield code="7">0</subfield>
    <subfield code="9">13326</subfield>
    <subfield code="a">LBB</subfield>
    <subfield code="b">LBB</subfield>
    <subfield code="c">B111</subfield>
    <subfield code="d">2015-10-27</subfield>
    <subfield code="o">AVM SAY 2013 B111 Or.2</subfield>
    <subfield code="p">RUA009817</subfield>
    <subfield code="r">2015-10-27</subfield>
    <subfield code="w">2015-10-27</subfield>
    <subfield code="y">AVM</subfield>
  </datafield>
  <datafield tag="952" ind1=" " ind2=" ">
    <subfield code="0">0</subfield>
    <subfield code="1">0</subfield>
    <subfield code="2">ddc</subfield>
    <subfield code="4">0</subfield>
    <subfield code="6">AVM_SAY_2013_000000000000000_B111_OR_3</subfield>
    <subfield code="7">0</subfield>
    <subfield code="9">13327</subfield>
    <subfield code="a">LBB</subfield>
    <subfield code="b">LBB</subfield>
    <subfield code="c">B111</subfield>
    <subfield code="d">2015-10-27</subfield>
    <subfield code="o">AVM SAY 2013 B111 Or.3</subfield>
    <subfield code="p">RUA009667</subfield>
    <subfield code="r">2015-10-27</subfield>
    <subfield code="w">2015-10-27</subfield>
    <subfield code="y">AVM</subfield>
  </datafield>
  <datafield tag="952" ind1=" " ind2=" ">
    <subfield code="0">0</subfield>
    <subfield code="1">0</subfield>
    <subfield code="2">ddc</subfield>
    <subfield code="4">0</subfield>
    <subfield code="6">AVM_SAY_2013_000000000000000_B111_OR_4</subfield>
    <subfield code="7">0</subfield>
    <subfield code="9">13328</subfield>
    <subfield code="a">LBB</subfield>
    <subfield code="b">LBB</subfield>
    <subfield code="c">B111</subfield>
    <subfield code="d">2015-10-27</subfield>
    <subfield code="o">AVM SAY 2013 B111 Or.4</subfield>
    <subfield code="p">RUA009739</subfield>
    <subfield code="r">2015-10-27</subfield>
    <subfield code="w">2015-10-27</subfield>
    <subfield code="y">AVM</subfield>
  </datafield>
  <datafield tag="952" ind1=" " ind2=" ">
    <subfield code="0">0</subfield>
    <subfield code="1">0</subfield>
    <subfield code="2">ddc</subfield>
    <subfield code="4">0</subfield>
    <subfield code="6">AVM_SAY_2013_000000000000000_B111_OR_5</subfield>
    <subfield code="7">0</subfield>
    <subfield code="9">13329</subfield>
    <subfield code="a">LBB</subfield>
    <subfield code="b">LBB</subfield>
    <subfield code="c">B111</subfield>
    <subfield code="d">2015-10-27</subfield>
    <subfield code="o">AVM SAY 2013 B111 Or.5</subfield>
    <subfield code="p">RUA009811</subfield>
    <subfield code="r">2015-10-27</subfield>
    <subfield code="w">2015-10-27</subfield>
    <subfield code="y">AVM</subfield>
  </datafield>
  <datafield tag="952" ind1=" " ind2=" ">
    <subfield code="0">0</subfield>
    <subfield code="1">0</subfield>
    <subfield code="2">ddc</subfield>
    <subfield code="4">0</subfield>
    <subfield code="6">AVM_SAY_2013_000000000000000_B111_OR_6</subfield>
    <subfield code="7">0</subfield>
    <subfield code="9">13330</subfield>
    <subfield code="a">LBB</subfield>
    <subfield code="b">LBB</subfield>
    <subfield code="c">B111</subfield>
    <subfield code="d">2015-10-27</subfield>
    <subfield code="l">1</subfield>
    <subfield code="o">AVM SAY 2013 B111 Or.6</subfield>
    <subfield code="p">RUA009883</subfield>
    <subfield code="r">2024-05-29</subfield>
    <subfield code="s">2024-05-28</subfield>
    <subfield code="w">2015-10-27</subfield>
    <subfield code="y">AVM</subfield>
  </datafield>
  <datafield tag="952" ind1=" " ind2=" ">
    <subfield code="0">0</subfield>
    <subfield code="1">0</subfield>
    <subfield code="2">ddc</subfield>
    <subfield code="4">0</subfield>
    <subfield code="6">AVM_SAY_2013_000000000000000_B111_OR_7</subfield>
    <subfield code="7">0</subfield>
    <subfield code="9">13331</subfield>
    <subfield code="a">LBB</subfield>
    <subfield code="b">LBB</subfield>
    <subfield code="c">B111</subfield>
    <subfield code="d">2015-10-27</subfield>
    <subfield code="o">AVM SAY 2013 B111 Or.7</subfield>
    <subfield code="p">RUA018189</subfield>
    <subfield code="r">2015-10-27</subfield>
    <subfield code="w">2015-10-27</subfield>
    <subfield code="y">AVM</subfield>
  </datafield>
  <datafield tag="952" ind1=" " ind2=" ">
    <subfield code="0">0</subfield>
    <subfield code="1">0</subfield>
    <subfield code="2">ddc</subfield>
    <subfield code="4">0</subfield>
    <subfield code="6">AVM_SAY_2013_000000000000000_B111_OR_8</subfield>
    <subfield code="7">0</subfield>
    <subfield code="9">13332</subfield>
    <subfield code="a">LBB</subfield>
    <subfield code="b">LBB</subfield>
    <subfield code="c">B111</subfield>
    <subfield code="d">2015-10-27</subfield>
    <subfield code="o">AVM SAY 2013 B111 Or.8</subfield>
    <subfield code="p">RUA018052</subfield>
    <subfield code="r">2015-10-27</subfield>
    <subfield code="w">2015-10-27</subfield>
    <subfield code="y">AVM</subfield>
  </datafield>
  <datafield tag="952" ind1=" " ind2=" ">
    <subfield code="0">0</subfield>
    <subfield code="1">0</subfield>
    <subfield code="2">ddc</subfield>
    <subfield code="4">0</subfield>
    <subfield code="6">AVM_SAY_2013_000000000000000_B1_230_OR_1</subfield>
    <subfield code="7">0</subfield>
    <subfield code="9">79459</subfield>
    <subfield code="a">LBB</subfield>
    <subfield code="b">LBB</subfield>
    <subfield code="c">B1.230</subfield>
    <subfield code="d">2019-07-15</subfield>
    <subfield code="o">AVM SAY 2013 B1.230 Or.1</subfield>
    <subfield code="p">A41008</subfield>
    <subfield code="r">2019-07-15</subfield>
    <subfield code="w">2019-07-15</subfield>
    <subfield code="y">AVM</subfield>
  </datafield>
</record>
